000
00246nam a2200085Ia 4500
008
220204s9999 xx 000 0 und d
245
0
_a
National Co-operative Development Corporation Annual Report 1986-87
260
_a
New Delhi
_c
1986-87
942
_c
BK
999
_c
43585
_d
43585